Statistics for Countries That Have Kings/Queens (Monarchs)

Click here to take the quiz!

General Stats

  • This quiz has been taken 449 times
  • The average score is 28 of 44

Answer Stats

Answer % Correct
United Kingdom
96%
Sweden
95%
Norway
92%
Spain
89%
Denmark
89%
Netherlands
88%
Belgium
85%
Saudi Arabia
85%
Monaco
80%
Luxembourg
77%
United Arab Emirates
77%
Thailand
77%
Oman
76%
Japan
76%
Qatar
75%
Bahrain
73%
Andorra
72%
Jordan
70%
Liechtenstein
69%
Australia
69%
Kuwait
68%
Brunei
68%
Canada
65%
New Zealand
65%
Bhutan
62%
Swaziland
60%
Morocco
59%
Vatican City
58%
Tonga
57%
Lesotho
54%
Barbados
52%
Malaysia
51%
Bahamas
49%
Antigua and Barbuda
48%
Saint Kitts and Nevis
48%
Jamaica
47%
Saint Lucia
46%
Saint Vincent and the Grenadines
46%
Cambodia
45%
Tuvalu
44%
Grenada
38%
Belize
37%
Solomon Islands
33%
Papua New Guinea
30%

Score Distribution

Percentile by Number Answered

Percent of People with Each Score

Your Score History

You have not taken this quiz